Vademecum de los antibióticos y agentes quimioterápicos antiinfecciosos / (Record no. 111755)

MARC details
000 -LEADER
campo de control de longitud fija 00631nam a2200181 4500
001 - NÚMERO DE CONTROL
campo de control 111755
003 - IDENTIFICADOR DE NÚMERO DE CONTROL
campo de control ES-MaACL
005 - FECHA Y HORA DE LA ÚLTIMA TRANSACCIÓN
campo de control 20230906185345.0
007 - CAMPO FIJO DE DESCRIPCIÓN FÍSICA--INFORMACIÓN GENERAL
campo de control de longitud fija t|
008 - DATOS DE LONGITUD FIJA--INFORMACIÓN GENERAL
campo de control de longitud fija 061121s1978 sp r ||||1| spa d
100 1# - ENTRADA PRINCIPAL--NOMBRE DE PERSONA
Nombre de persona Neuman, Maur.
9 (RLIN) 85438
245 10 - MENCIÓN DEL TÍTULO
Título Vademecum de los antibióticos y agentes quimioterápicos antiinfecciosos /
Mención de responsabilidad, etc. Maur Neuman; [traducción y adaptación Luis Arteaga Ruiz y lvaro Marcos Lecuona].
260 ## - PUBLICACIÓN, DISTRIBUCIÓN, ETC.
Lugar de publicación, distribución, etc. Bilbao :
Nombre del editor, distribuidor, etc. Desclée de Brouwer,
Fecha de publicación, distribución, etc. 1978.
300 ## - DESCRIPCIÓN FÍSICA
Extensión 432 p. ;
Dimensiones 21 cm.
700 1# - ENTRADA AGREGADA--NOMBRE PERSONAL
Nombre de persona Arteaga Ruiz, Luis.
9 (RLIN) 23438
700 1# - ENTRADA AGREGADA--NOMBRE PERSONAL
Nombre de persona Marcos Lecuona, Alvaro.
9 (RLIN) 76532
852 ## - LOCALIZACIÓN
Ubicación ES-MaACL
Número de control de estantería A-9510
Sublocalización o colección R.98729
Holdings
Estatus retirado Estado de pérdida Estado de daño No para préstamo Biblioteca de origen Biblioteca actual Ubicación en estantería Fecha de adquisición Fuente de adquisición Total de préstamos Signatura topográfica completa Código de barras Visto por última vez Precio de reemplazo Tipo de ítem Koha
        Biblioteca del Ateneo de Madrid Biblioteca del Ateneo de Madrid Depósito 1 17/01/2008     A-9510 1116579 23/02/2023 23/02/2023 Libro impreso